000
00345nam a22001457a 4500
008
210310b ||||| |||| 00| 0 eng d
020
_a
9780195439496
041
_a
eng
080
_a
82
082
_a
82
100
_a
21
101
_a
GJL
245
_a
Moving Beyond the Page a Reader for Writing and Thinking
_c
Morfetas, E
942
_2
udc
_c
BK
999
_c
56117
_d
56117